Agriculture and trade in the Pacific : (Record no. 7336)

MARC details
000 -LEADER
fixed length control field 00953pam a2200277 a 4500
001 - CONTROL NUMBER
control field BD-DhSAU 7336
003 - CONTROL NUMBER IDENTIFIER
control field BD-DhSAU
005 - DATE AND TIME OF LATEST TRANSACTION
control field 20150522093445.0
008 - FIXED-LENGTH DATA ELEMENTS--GENERAL INFORMATION
fixed length control field 911226s1992 coua 001 0 eng
020 ## - INTERNATIONAL STANDARD BOOK NUMBER
International Standard Book Number 0813382777 (alk. paper)
020 ## - INTERNATIONAL STANDARD BOOK NUMBER
International Standard Book Number 1852932546
040 ## - CATALOGING SOURCE
Original cataloging agency BD-DhSAU
082 00 - DEWEY DECIMAL CLASSIFICATION NUMBER
Classification number 338.1099
Edition number 22
Item number AGR
245 00 - TITLE STATEMENT
Title Agriculture and trade in the Pacific :
Remainder of title toward the twenty-first century /
Statement of responsibility, etc. edited by William T. Coyle, Dermot Hayes, and Hiroshi Yamauchi.
260 ## - PUBLICATION, DISTRIBUTION, ETC. (IMPRINT)
Place of publication, distribution, etc. Boulder :
Name of publisher, distributor, etc. Westview Press ;
Place of publication, distribution, etc. London :
Name of publisher, distributor, etc. Belhaven Press,
Date of publication, distribution, etc. c1992.
300 ## - PHYSICAL DESCRIPTION
Extent xi, 344 p. :
Other physical details ill. ;
Dimensions 24 cm.
504 ## - BIBLIOGRAPHY, ETC. NOTE
Bibliography, etc Includes bibliographical references and index.
590 ## - Name of Cataloguer
Name of Cataloger Jerin<br/>
650 #0 - SUBJECT ADDED ENTRY--TOPICAL TERM
Topical term or geographic name as entry element Produce trade
Geographic subdivision Pacific Area.
650 #0 - SUBJECT ADDED ENTRY--TOPICAL TERM
Topical term or geographic name as entry element Economics
650 #0 - SUBJECT ADDED ENTRY--TOPICAL TERM
Topical term or geographic name as entry element Agriculture
General subdivision Economic aspects
Geographic subdivision Pacific Area.
700 1# - ADDED ENTRY--PERSONAL NAME
Personal name Coyle, William T.
700 1# - ADDED ENTRY--PERSONAL NAME
Personal name Hayes, Dermot James
700 1# - ADDED ENTRY--PERSONAL NAME
Personal name Yamauchi, Hiroshi,
Dates associated with a name 1932-
942 ## - ADDED ENTRY ELEMENTS (KOHA)
Source of classification or shelving scheme Dewey Decimal Classification
Koha item type Book
Holdings
Withdrawn status Lost status Source of classification or shelving scheme Damaged status Not for loan Collection code Home library Branch Name Shelving location Date acquired Total Checkouts Full call number Barcode Date last seen Price effective from Koha item type
    Dewey Decimal Classification   Not For Loan Reference SAU Library SAU Library Reference 30/06/1992   338.1099 AGR 22750 22/05/2015 22/05/2015 Book